| 000 | 02446cam a22005774i 4500 | ||
|---|---|---|---|
| 003 | PE-LiUPU | ||
| 005 | 20250731180143.0 | ||
| 008 | 150706s2009 pe a r 000 0 spa d | ||
| 035 | _a(Sirsi) a49070 | ||
| 040 |
_aPE-LiUPU _bspa _cPE-LiUPU _erda |
||
| 049 | _aPRUA | ||
| 082 | 0 | 4 |
_a516.3 _bF51 _221 |
| 100 | 1 |
_aFigueroa García, Ricardo, _eautor. |
|
| 245 | 1 | 0 |
_aGeometría analítica / _cRicardo Figueroa García . |
| 250 | _aDécima edición. | ||
| 264 | 1 |
_aLima : _bImpresiones Gráficas America, _c2009. |
|
| 300 |
_a553 páginas : _bilustraciones ; _c21 centímetros |
||
| 336 |
_atext _2rdacontent |
||
| 337 |
_aunmediated _2rdamedia |
||
| 338 |
_avolume _2rdacarrier |
||
| 504 | _aIncluye bibliografía. | ||
| 505 | 0 | _aConceptos preliminares -- Gráfica de una ecuación -- Lugares geométricos -- La línea Recta -- La circunferencia -- Transformación de coordenadas -- La parábola -- La elipse -- La hipérbola -- La ecuación de segundo grado -- Coordenadas polares. | |
| 526 | _aSEG44 | ||
| 526 | _aSEG26 | ||
| 526 | _aP159 | ||
| 526 | _aP155 | ||
| 526 | _aP154 | ||
| 526 | _aP153 | ||
| 526 | _aP150 | ||
| 526 | _aP100 | ||
| 526 | _aP31 | ||
| 526 | _aP30 | ||
| 526 | _aP26 | ||
| 526 | _aP25 | ||
| 526 | _aP24 | ||
| 526 | _aP22 | ||
| 526 | _aP15 | ||
| 526 | _aP10 | ||
| 650 | 0 | 4 |
_aGeometría analítica _vProblemas, ejercicios, etc. |
| 910 |
_agl _bjck _d20101119 |
||
| 910 |
_adbm _bncf _cncf _d20190429 |
||
| 942 |
_2ddc _cBOOK |
||
| 949 |
_a516.3 F51 _wDEWEY _c1 _i62325 _lCCODEBUL1 _mBUL _p15.00 _r0 _sY _tLIBRO _u2015-07-06 _xBIBLIOTECA _zUNKNOWN _o.STAFF. Colección General |
||
| 949 |
_a516.3 F51 _wDEWEY _c2 _i62324 _lCCODEBUL1 _mBUL _p15.00 _r0 _sY _tLIBRO _u2015-07-06 _xBIBLIOTECA _zUNKNOWN _o.STAFF. Colección Ingeniería y Arquitectura |
||
| 994 |
_aC0 _bPEPRU |
||
| 596 | _a1 | ||
| 999 |
_a516.3 F51 _wDEWEY _c51378 _i62325 _d51378 _e2019-6-10 _f2019-12-11 _g7 _lDISCARD _mBUL _n24 _p15.00 _q2 _r1 _sY _tBOOK _u2015-7-6 _xINGENIERIA _zUNKNOWN _0COMPRA _o.STAFF. Colección Ingeniería y Arquitectura |
||
| 999 |
_a516.3 F51 _wDEWEY _c2 _i62324 _d2019-6-21 _e2019-6-17 _f2021-11-5 _g8 _lCCODEBUL1 _mBUL _n25 _p15.00 _q9 _r0 _sY _tBOOK _u2015-7-6 _xBIBLIOTECA _PP25 _0COMPRA _o.STAFF. Colección Ingeniería y Arquitectura |
||
| 980 |
_81 _gALBERTO SANCHEZ Responsable de Automatización |
||